Datum a čas kvízu
29
Celkem bodů
Celkový počet nahraných bodů na tomto kvízu bez doplňovacích otázek.
3.
Pořadí na kvízu
Konečné umístění týmu na tomto kvízu.
Zaznamenané odpovědi
| # | Otázka | Odpověď | Body | Výsledky |
|---|---|---|---|---|
| 1. | Minulý týden navštívil Českou... | Mike Pompeo | 1 | |
| 2. | V oregonském Portlandu se daří... | lama | 0 | |
| 3. | Společnost Disney přejmenovala... | 20th Century Fox (Television) | 1 | |
| 4. | Další řetězec v České republic... | Kaufland | 0 | |
| 5. | Na mítinku Diamantové ligy v M... | Joshua Cheptegei | 0 | |
| 6. | Nedávno jsme se zabývali různý... | Belgie, Francie, Nizozemsko | 0 | |
| 7. | Dne 24. července roku 1177 uza... | Fridrich I. Barbarossa (Rudovous) | 0 | |
| 8. | Dalším špičatým letopočtem v n... | Vladislav Jagellonský | 0 | |
| 9. | Dostáváme se do novověku, konk... | (von) Laudon | 1 | |
| 10. | Rok 1714 se stal jedním z důle... | Gabriel Fahrenheit | 1 |